List of Presidents of the Philippines - Statistics

General Stats
  • This quiz has been taken 501 times
  • The average score is 5 of 15
Answer Stats
Lived Answer % Correct
(1869-1964) Emilio Aguinaldo
99%
(1878-1944) Manuel L. Quezon
45%
(1891-1959) José P. Laurel
34%
(1933-2009) Corazon Aquino
28%
(1917-1989) Ferdinand Marcos
27%
(1878-1961) Sergio Osmeña
27%
(1907-1957) Ramon Magsaysay
26%
(1892-1948) Manuel Roxas
25%
(1890-1956) Elpidio Quirino
24%
(1910-1997) Diosdado Macapagal
23%
(1947-) Gloria Macapagal-Arroyo
22%
(1937-) Joseph Estrada
22%
(1928-) Fidel V. Ramos
21%
(1896-1971) Carlos P. Garcia
20%
(1960-) Benigno Aquino III
15%
No matching quizzes found
Score Distribution
Percent of People with Each Score
Percentile by Number Answered
Your Score History
You have not taken this quiz